[Event "17. OIBM Bad Wiessee"]
[Site "Bad Wiessee"]
[Date "2013.10.31"]
[Round "7.48"]
[White "Lorenz, Sascha"]
[Black "Seidel, Jürgen"]
[Result "0-1"]
[WhiteElo "2273"]
[BlackElo "2061"]
[PlyCount "161"]
[EventDate "2013.??.??"]
[WhiteTeam "SK König Tegel 1949 e.V."]
[BlackTeam "SV 1920 Hofheim"]

1. c4 e5 2. g3 Nf6 3. Bg2 c6 4. d4 d6 5. Nc3 Nbd7 6. Nf3 Be7 7. O-O O-O 8. e4
a6 9. a4 a5 10. h3 Qc7 11. Be3 Re8 12. Qc2 exd4 13. Nxd4 Nc5 14. Rad1 Qb6 15.
f4 Bf8 16. Bf2 Qb4 17. b3 g6 18. Rb1 Nh5 19. Rfd1 Qb6 20. Nde2 f5 21. Nd4 Ng7
22. exf5 Nxf5 23. g4 Ne3 24. Nd5 cxd5 25. Qe2 Bxg4 26. hxg4 Nxg2 27. Qf3 Nxf4
28. Qxf4 Ne4 29. Be3 Qd8 30. Rf1 Qh4 31. Rf3 Bg7 32. cxd5 Ng5 33. Qxg5 Qxg5 34.
Bxg5 Bxd4+ 35. Kg2 Rac8 36. Rbf1 Rf8 37. Bf6 Bxf6 38. Rxf6 Rc2+ 39. Kg3 Rxf6
40. Rxf6 g5 41. Rxd6 Rc3+ 42. Kf2 Rxb3 43. Rd7 Rb4 44. Kg3 b6 45. Rb7 Kf8 46.
d6 Ke8 47. Rxh7 Rxa4 48. Re7+ Kd8 49. Re5 Rd4 50. Rxg5 Rxd6 51. Kf4 Kc7 52. Ke5
a4 53. Rg8 Rd8 54. Rg7+ Kc6 55. g5 Kb5 56. Ra7 Kb4 57. g6 b5 58. g7 a3 59. Kf6
Kb3 60. Ke7 Rg8 61. Kf7 Rb8 62. Re7 a2 63. Re8 Rxe8 64. Kxe8 a1=Q 65. g8=Q+ Kb4
66. Qg4+ Ka5 67. Qe4 Qc3 68. Qa8+ Kb4 69. Qe4+ Ka3 70. Qa8+ Kb3 71. Qd5+ Qc4
72. Qd1+ Kc3 73. Qc1+ Kd4 74. Qg1+ Kd5 75. Qg5+ Kc6 76. Qf6+ Kb7 77. Qe7+ Qc7
78. Qb4 Kb6 79. Qd4+ Qc5 80. Qd8+ Qc7 81. Qd4+ {Rest unleserlich - Schwarz
gewann im 177.Zug} 0-1

[Event "17. OIBM Bad Wiessee"]
[Site "Bad Wiessee"]
[Date "2013.10.31"]
[Round "7.49"]
[White "Nuber, Korbinian"]
[Black "Pichl, Michael"]
[Result "1-0"]
[WhiteElo "2270"]
[BlackElo "2059"]
[PlyCount "85"]
[EventDate "2013.??.??"]
[WhiteTeam "SC Dillingen"]
[BlackTeam "SV Empor Erfurt"]

1. e4 g6 2. d4 Bg7 3. Be3 d6 4. Nc3 a6 5. a4 b6 6. Qd2 Bb7 7. f3 Nd7 8. Nh3 c6
9. Be2 b5 10. O-O Ngf6 11. Nf2 O-O 12. Nd3 Rb8 13. e5 Ne8 14. f4 c5 15. axb5
cxd4 16. Bxd4 axb5 17. Qe3 b4 18. Nxb4 Bxg2 19. Kxg2 Rxb4 20. Nd5 Rxd4 21. Qxd4
dxe5 22. Qb4 Nd6 23. Ra7 exf4 24. Rfa1 Ne5 25. Qxf4 Nf5 26. c4 e6 27. Ra8 Qd6
28. Rxf8+ Bxf8 29. Nf6+ Kh8 30. Ra8 Qc6+ 31. Qe4 Kg7 32. Qxc6 Nxc6 33. Ne4 Nfd4
34. Bd1 f5 35. Nd2 g5 36. Nf3 g4 37. Nxd4 Nxd4 38. Rc8 h5 39. c5 f4 40. c6 e5
41. c7 f3+ 42. Kf1 Ne6 43. Rxf8 1-0

[Event "17. OIBM Bad Wiessee"]
[Site "Bad Wiessee"]
[Date "2013.10.31"]
[Round "7.50"]
[White "Cordes, Hans-Joerg"]
[Black "Wörl, Richard"]
[Result "1-0"]
[WhiteElo "2267"]
[BlackElo "2051"]
[PlyCount "61"]
[EventDate "2013.??.??"]
[WhiteTeam "VSG 1880 Offenbach"]
[BlackTeam "SW Nürnberg Süd e.V."]

1. d4 Nf6 2. c4 e6 3. Nc3 Bb4 4. Qc2 d5 5. cxd5 exd5 6. Bg5 O-O 7. a3 Be7 8. e3
c5 9. dxc5 Nbd7 10. b4 a5 11. Rb1 axb4 12. axb4 Ne5 13. Bb5 Bd7 14. Nge2 Bxb5
15. Nxb5 Qd7 16. Ned4 Qg4 17. f4 Nc4 18. Nf5 Bd8 19. O-O Ne4 20. Nbd6 Nexd6 21.
cxd6 Na3 22. Qd3 Nxb1 23. Bxd8 Rfxd8 24. Rxb1 Ra2 25. Qxd5 Rxg2+ 26. Qxg2 Qxf5
27. Rd1 Qb5 28. Qc2 Qb6 29. Qc5 Qxc5 30. bxc5 Kf8 31. Rb1 1-0

[Event "17. OIBM Bad Wiessee"]
[Site "Bad Wiessee"]
[Date "2013.11.01"]
[Round "8.1"]
[White "Nisipeanu, Liviu-Dieter"]
[Black "Berkes, Ferenc"]
[Result "1-0"]
[WhiteElo "2674"]
[BlackElo "2673"]
[PlyCount "85"]
[EventDate "2013.??.??"]
[WhiteTeam "OSG Baden-Baden"]
[BlackTeam "SC Eppingen"]

1. d4 Nf6 2. Nf3 e6 3. c4 b6 4. g3 Bb7 5. Bg2 Be7 6. O-O O-O 7. d5 exd5 8. Nh4
c6 9. cxd5 Nxd5 10. Nf5 Nc7 11. Nc3 d5 12. e4 Nba6 13. Bf4 Bf6 14. Nd6 Bc8 15.
exd5 Bxc3 16. bxc3 Nxd5 17. Be5 Nc5 18. c4 Ne7 19. Re1 Be6 20. Qd4 f6 21. Bf4
a5 22. Rad1 Ra7 23. Nf5 Qxd4 24. Nxd4 Rd8 25. Nxe6 Rxd1 26. Rxd1 Nxe6 27. Be3
Rb7 28. Rd6 Kf7 29. Bxc6 Nxc6 30. Rxc6 b5 31. c5 b4 32. Ra6 Rb5 33. Ra7+ Ke8
34. c6 b3 35. axb3 Rxb3 36. Ra8+ Kf7 37. c7 Nxc7 38. Ra7 Rc3 39. Bb6 a4 40.
Rxc7+ Rxc7 41. Bxc7 a3 42. Ba5 a2 43. Bc3 1-0

[Event "17. OIBM Bad Wiessee"]
[Site "Bad Wiessee"]
[Date "2013.11.01"]
[Round "8.2"]
[White "Gupta, Abhijeet"]
[Black "Romanov, Evgeny"]
[Result "1-0"]
[WhiteElo "2593"]
[BlackElo "2654"]
[PlyCount "53"]
[EventDate "2013.??.??"]
[BlackTeam "SF Katernberg 1913 e.V"]

1. d4 d5 2. c4 c6 3. Nf3 Nf6 4. Nc3 dxc4 5. a4 Bf5 6. Ne5 Nbd7 7. Nxc4 Qc7 8.
g3 e5 9. dxe5 Nxe5 10. Bf4 Nfd7 11. Bg2 g5 12. Ne3 gxf4 13. Nxf5 O-O-O 14. Qc2
Kb8 15. O-O-O Ng4 16. Ne4 Qe5 17. h3 Nh6 18. Nd4 Bg7 19. gxf4 Qxf4+ 20. e3 Qc7
21. Nd6 Nb6 22. Nxb7 Rxd4 23. Rxd4 Qxb7 24. Rb4 a5 25. Rb3 Qc7 26. Qc5 Kb7 27.
Rd1 1-0

[Event "17. OIBM Bad Wiessee"]
[Site "Bad Wiessee"]
[Date "2013.11.01"]
[Round "8.4"]
[White "Sumets, Andrey"]
[Black "Eingorn, Vereslav S"]
[Result "1/2-1/2"]
[WhiteElo "2598"]
[BlackElo "2548"]
[PlyCount "47"]
[EventDate "2013.??.??"]
[WhiteTeam "SF Lilienthal von 1971"]

1. d4 e6 2. Nf3 Nf6 3. g3 c5 4. Bg2 cxd4 5. Nxd4 d5 6. c4 e5 7. Nb3 d4 8. O-O
Nc6 9. f4 e4 10. f5 g6 11. Bg5 Be7 12. Bxf6 Bxf6 13. Bxe4 Qe7 14. N1d2 Bg5 15.
Qc2 a5 16. Nf3 Be3+ 17. Kh1 a4 18. Bxc6+ bxc6 19. Nbxd4 Bxd4 20. Nxd4 c5 21.
Nb5 Bxf5 22. Rxf5 gxf5 23. Qxf5 O-O 24. Nc7 1/2-1/2

[Event "17. OIBM Bad Wiessee"]
[Site "Bad Wiessee"]
[Date "2013.11.01"]
[Round "8.5"]
[White "Nyzhnyk, Illya"]
[Black "Pap, Misa"]
[Result "1-0"]
[WhiteElo "2625"]
[BlackElo "2484"]
[PlyCount "87"]
[EventDate "2013.??.??"]
[WhiteTeam "SG Porz e.V."]
[BlackTeam "Sfr. Korbach"]

1. d4 Nf6 2. c4 c5 3. d5 b5 4. cxb5 a6 5. f3 axb5 6. e4 Qa5+ 7. Bd2 b4 8. Na3
d6 9. Nc4 Qd8 10. a4 e6 11. Bg5 exd5 12. Bxf6 Qxf6 13. Qxd5 Ra7 14. Qd2 Nc6 15.
Nb6 Bb7 16. Bb5 Qh4+ 17. Kf1 Qd8 18. Nc4 Be7 19. Qd5 Qd7 20. Rd1 O-O 21. Qxc5
dxc5 22. Rxd7 Bc8 23. Rd1 Nd4 24. Ne2 Nxb5 25. axb5 Be6 26. b3 Ra2 27. Kf2 Bf6
28. Rd2 Rfa8 29. Rc1 Bxc4 30. Rxa2 Rxa2 31. Rxc4 Bd4+ 32. Kg3 Be3 33. Nf4 Kf8
34. Nd5 Bf2+ 35. Kh3 Ra5 36. b6 Rb5 37. Rc2 Bd4 38. Ra2 g6 39. Ra6 c4 40. bxc4
b3 41. cxb5 b2 42. b7 Be5 43. b8=Q+ Bxb8 44. Nc3 1-0

[Event "17. OIBM Bad Wiessee"]
[Site "Bad Wiessee"]
[Date "2013.11.01"]
[Round "8.6"]
[White "Pezerovic, Edin"]
[Black "Postny, Evgeny"]
[Result "0-1"]
[WhiteElo "2439"]
[BlackElo "2631"]
[PlyCount "96"]
[EventDate "2013.??.??"]
[WhiteTeam "Münchener SC 1836 e.V."]
[BlackTeam "SC Eppingen"]

1. d4 d5 2. Nf3 Nf6 3. Bf4 c5 4. e3 e6 5. c3 Nc6 6. Nbd2 Bd6 7. Bg3 O-O 8. Bd3
b6 9. Ne5 Bb7 10. f4 Ne7 11. Qf3 Nf5 12. Bf2 Be7 13. O-O Nd6 14. Bh4 Nfe4 15.
Bxe7 Qxe7 16. Qe2 Rfc8 17. Ng4 a5 18. a4 Nxd2 19. Qxd2 Ba6 20. Nf2 Bxd3 21.
Qxd3 Qc7 22. Rfe1 Rab8 23. Re2 b5 24. axb5 Rxb5 25. Qd1 Qb7 26. Ra2 cxd4 27.
exd4 Rxc3 28. bxc3 Rb1 29. Rxa5 Rxd1+ 30. Nxd1 h6 31. Rb2 Qe7 32. Nf2 Nc4 33.
Ra8+ Kh7 34. Re2 Qf6 35. g3 g5 36. Ng4 Qf5 37. Ne5 gxf4 38. Nxc4 dxc4 39. Ra7
Qb1+ 40. Kg2 Kg6 41. gxf4 Qd3 42. Kf1 Qxc3 43. f5+ exf5 44. Rg2+ Kh5 45. Rxf7
Qd3+ 46. Ke1 c3 47. Rf2 Qb1+ 48. Ke2 Qa2+ 0-1

[Event "17. OIBM Bad Wiessee"]
[Site "Bad Wiessee"]
[Date "2013.11.01"]
[Round "8.7"]
[White "Rozentalis, Eduardas"]
[Black "Gutman, Lev"]
[Result "1-0"]
[WhiteElo "2616"]
[BlackElo "2441"]
[PlyCount "100"]
[EventDate "2013.??.??"]
[BlackTeam "SV Lingen"]

1. e4 c5 2. Nf3 Nc6 3. Bb5 g6 4. O-O Bg7 5. Re1 Nf6 6. e5 Nd5 7. Nc3 Nc7 8.
Bxc6 dxc6 9. Ne4 b6 10. Nf6+ Kf8 11. Ne4 Bg4 12. h3 Bxf3 13. Qxf3 Qd5 14. d3
Ne6 15. Bd2 Rd8 16. Bc3 h5 17. a3 h4 18. b4 Rh5 19. Qg4 Bxe5 20. Bxe5 Rxe5 21.
Qxh4 Rh5 22. Qg3 c4 23. Rad1 cxd3 24. Rxd3 Qe5 25. Rxd8+ Nxd8 26. Qe3 Ne6 27.
c4 Rh4 28. f3 Qd4 29. Qxd4 Nxd4 30. Rd1 e5 31. Kf2 Ke7 32. c5 f5 33. Ng5 bxc5
34. bxc5 Nb5 35. g4 Kf6 36. f4 exf4 37. Nf3 Rxh3 38. g5+ Ke7 39. Re1+ Kd8 40.
Rd1+ Kc8 41. Rd3 Rg3 42. a4 Nc7 43. Rd6 Nd5 44. Rxc6+ Kd7 45. Rxg6 Nc3 46. c6+
Kd8 47. Rg8+ Kc7 48. Nd4 Ne4+ 49. Kf1 Nd2+ 50. Ke2 Rg2+ {Rest unleserlich} 1-0

[Event "17. OIBM Bad Wiessee"]
[Site "Bad Wiessee"]
[Date "2013.11.01"]
[Round "8.8"]
[White "Khenkin, Igor"]
[Black "Mons, Leon"]
[Result "1-0"]
[WhiteElo "2609"]
[BlackElo "2432"]
[PlyCount "135"]
[EventDate "2013.??.??"]
[WhiteTeam "Wiesbadener SV 1885"]
[BlackTeam "SC Forchheim e.V."]

1. d4 d5 2. c4 e6 3. Nc3 Be7 4. cxd5 exd5 5. Bf4 Nf6 6. e3 Bf5 7. Nge2 O-O 8.
Rc1 c6 9. Ng3 Bg6 10. h4 h6 11. h5 Bh7 12. Bd3 Bxd3 13. Qxd3 Bd6 14. Bxd6 Qxd6
15. Nf5 Qe6 16. f3 Nbd7 17. g4 Ne8 18. Ne2 Nd6 19. Neg3 Nxf5 20. Nxf5 Nb6 21.
Kf2 Nc4 22. b3 Nd6 23. Rcg1 Nxf5 24. gxf5 Qf6 25. Rg4 Kh8 26. e4 dxe4 27. fxe4
Rad8 28. Rd1 Qe7 29. e5 f6 30. e6 Rd5 31. Rdg1 Rg8 32. Qe4 Ra5 33. a4 Rd5 34.
R1g3 a5 35. Kg2 Rdd8 36. Kh3 Rd5 37. Rg6 Kh7 38. Qg4 Rdd8 39. Qf4 Rd5 40. Qg4
Rdd8 41. Kh2 Qc7 42. Kg2 Qe7 43. Kh3 Qc7 44. Qe2 Qe7 45. R6g4 Rd5 46. Rf4 Rgd8
47. Qg4 Kh8 48. Qg6 Rc8 49. Rfg4 Rc7 50. Rc3 Rd8 51. Rc5 Qd6 52. Re4 Re7 53.
Qg3 b6 54. Qxd6 Rxd6 55. Rc4 Kg8 56. b4 Kf8 57. bxa5 bxa5 58. Rc5 Ra7 59. Kg4
Ke7 60. Kf4 Ra6 61. Ke3 Rd5 62. Rg4 Kf8 63. Rg2 Rb6 64. Rgc2 Rb4 65. Rxd5 cxd5
66. Rc5 Rxa4 67. Rxd5 Ra3+ 68. Ke4 1-0

[Event "17. OIBM Bad Wiessee"]
[Site "Bad Wiessee"]
[Date "2013.11.01"]
[Round "8.10"]
[White "Kurmann, Oliver"]
[Black "Kempinski, Robert"]
[Result "0-1"]
[WhiteElo "2411"]
[BlackElo "2585"]
[PlyCount "48"]
[EventDate "2013.??.??"]
[WhiteTeam "SG Luzern"]
[BlackTeam "Hamburger SK von 1830 eV"]

1. e4 c5 2. Nf3 d6 3. d4 cxd4 4. Nxd4 Nf6 5. Nc3 a6 6. Be3 e6 7. g4 h6 8. h4 e5
9. Nf5 Nc6 10. Bg2 g6 11. Nxh6 Bxh6 12. g5 Ng4 13. gxh6 Nxe3 14. fxe3 Be6 15.
Qf3 Qb6 16. Nd5 Bxd5 17. exd5 Na5 18. O-O O-O-O 19. c4 Rxh6 20. Qxf7 Rxh4 21.
b3 Qxe3+ 22. Qf2 Qg5 23. Rad1 Rdh8 24. Qf3 e4 0-1

[Event "17. OIBM Bad Wiessee"]
[Site "Bad Wiessee"]
[Date "2013.11.01"]
[Round "8.12"]
[White "Krämer, Martin"]
[Black "Schramm, Christian"]
[Result "1-0"]
[WhiteElo "2546"]
[BlackElo "2396"]
[PlyCount "97"]
[EventDate "2013.??.??"]
[WhiteTeam "Sfrd. Berlin 1903 e.V."]
[BlackTeam "SC 1959 Obernau"]

1. d4 Nf6 2. c4 e6 3. g3 Bb4+ 4. Bd2 Bxd2+ 5. Qxd2 c5 6. Bg2 cxd4 7. Nf3 Qc7 8.
Nxd4 a6 9. Nc3 O-O 10. Rc1 d6 11. O-O Rd8 12. Rfd1 Nbd7 13. Nb3 Ne8 14. Na4 Rb8
15. c5 d5 16. Qa5 Ne5 17. f4 Qxa5 18. Nxa5 Nc6 19. Nb3 Bd7 20. Nb6 Nf6 21. h3
h6 22. Kf2 Be8 23. a3 Ne7 24. Nd4 Nc8 25. Nxc8 Rbxc8 26. Rc3 Rc7 27. b4 Ba4 28.
Rdc1 Rdc8 29. Ke3 Kf8 30. Kd3 Nh5 31. Kd2 g5 32. Rf1 gxf4 33. gxf4 Ke7 34. Re3
Rg8 35. Bh1 Ng3 36. Rb1 Nxh1 37. Rxh1 Kf6 38. Rf1 Rcc8 39. Nf3 Rg3 40. f5 d4
41. Nxd4 Rxe3 42. fxe6+ Ke5 43. Kxe3 fxe6 44. Rf4 Kd5 45. Rf6 e5 46. Nf5 Rb8
47. Rd6+ Kc4 48. Rd3 e4 49. Nd6# 1-0

[Event "17. OIBM Bad Wiessee"]
[Site "Bad Wiessee"]
[Date "2013.11.01"]
[Round "8.13"]
[White "Hausrath, Daniel"]
[Black "Rambaldi, Francesco"]
[Result "1/2-1/2"]
[WhiteElo "2532"]
[BlackElo "2361"]
[PlyCount "77"]
[EventDate "2013.??.??"]
[WhiteTeam "SV Mülheim-Nord 1931 e"]

1. Nf3 c5 2. c4 Nc6 3. Nc3 e5 4. g3 g6 5. Bg2 Bg7 6. a3 Nge7 7. O-O O-O 8. d3
d6 9. Rb1 a5 10. Bd2 h6 11. Ne1 Be6 12. Nc2 d5 13. cxd5 Nxd5 14. Ne3 Nde7 15.
Na4 b6 16. b4 cxb4 17. axb4 b5 18. Nc5 a4 19. Nxe6 fxe6 20. Rc1 Rc8 21. Nc2 Nd4
22. Na3 Rxc1 23. Bxc1 Nd5 24. e3 Nc3 25. Qc2 Nce2+ 26. Kh1 Nxc1 27. Qxc1 Nb3
28. Qc3 Qd7 29. Bc6 Rc8 30. Bxd7 Rxc3 31. Rd1 Nd4 32. Nb1 Rc7 33. Be8 Rc8 34.
Bxg6 Nb3 35. Na3 Bf8 36. Nxb5 Bxb4 37. d4 Rc1 38. Rxc1 Nxc1 39. dxe5 1/2-1/2

[Event "17. OIBM Bad Wiessee"]
[Site "Bad Wiessee"]
[Date "2013.11.01"]
[Round "8.14"]
[White "Berchtenbreiter, Max"]
[Black "Bromberger, Stefan"]
[Result "1-0"]
[WhiteElo "2405"]
[BlackElo "2521"]
[PlyCount "67"]
[EventDate "2013.??.??"]
[WhiteTeam "SG Pang-Rosenheim 1910 e.V."]
[BlackTeam "MSA Zugzwang 82 e.V."]

1. e4 c5 2. Nf3 d6 3. d4 cxd4 4. Nxd4 Nf6 5. Nc3 a6 6. Bg5 Nbd7 7. Qe2 e6 8. f4
Qc7 9. O-O-O b5 10. g4 Be7 11. Bg2 Bb7 12. e5 dxe5 13. fxe5 Nd5 14. Bxe7 Nxc3
15. bxc3 Kxe7 16. Bxb7 Qxb7 17. Rhf1 Qc7 18. Qe3 h6 19. Qe4 Rac8 20. Nxe6 fxe6
21. Qg6 Rcf8 22. Qxg7+ Ke8 23. Rf6 Rhg8 24. Rxe6+ Kd8 25. Qe7+ Kc8 26. Rxa6 Re8
27. Rxd7 Rxe7 28. Rxc7+ Kxc7 29. Ra7+ Kc6 30. Rxe7 Kd5 31. h3 h5 32. gxh5 Rh8
33. Rd7+ Kc5 34. Rd3 1-0

[Event "17. OIBM Bad Wiessee"]
[Site "Bad Wiessee"]
[Date "2013.11.01"]
[Round "8.15"]
[White "Morawietz, Dieter"]
[Black "Bluebaum, Matthias"]
[Result "0-1"]
[WhiteElo "2392"]
[BlackElo "2510"]
[PlyCount "78"]
[EventDate "2013.??.??"]
[WhiteTeam "Klub Kölner SF e.V. 1"]
[BlackTeam "SAbt SV Werder Bremen"]

1. e4 e6 2. d4 d5 3. Nc3 Nf6 4. e5 Nfd7 5. f4 c5 6. Nf3 Be7 7. Be3 O-O 8. Bd3
Nc6 9. a3 f6 10. dxc5 fxe5 11. fxe5 Rxf3 12. Qxf3 Ndxe5 13. Bxh7+ Kxh7 14. Qh5+
Kg8 15. O-O-O Bd7 16. Rhf1 Bf6 17. Kb1 Qe7 18. g4 Be8 19. Qh3 Nc4 20. Bc1 Bg6
21. b3 N4a5 22. g5 Be5 23. Ne2 Re8 24. Nf4 Bxf4 25. Rxf4 Qxc5 26. Rd2 Qb6 27.
Ka2 Ne5 28. Re2 Nd3 29. Rf1 Nxc1+ 30. Rxc1 Nc6 31. Rd1 Qc5 32. Rdd2 Qd6 33. Qc3
a5 34. h4 Bh5 35. Rg2 Rc8 36. Qe3 Qe5 37. Qd3 Nb4+ 38. axb4 axb4 39. Qd4 Rxc2+
0-1

[Event "17. OIBM Bad Wiessee"]
[Site "Bad Wiessee"]
[Date "2013.11.01"]
[Round "8.16"]
[White "Moor, Oliver"]
[Black "Poetsch, Hagen"]
[Result "0-1"]
[WhiteElo "2391"]
[BlackElo "2472"]
[PlyCount "46"]
[EventDate "2013.??.??"]
[BlackTeam "Sfr. Schöneck"]

1. d4 d5 2. c4 c6 3. Nf3 Nf6 4. e3 Bf5 5. Nc3 e6 6. Nh4 Be4 7. f3 Bg6 8. Bd2
Be7 9. Qb3 Qc7 10. cxd5 cxd5 11. Rc1 Nc6 12. Nxg6 hxg6 13. Na4 Nh5 14. Bb5 Ng3
15. Rg1 Rxh2 16. Bb4 Nf5 17. Bxe7 Nfxe7 18. g4 e5 19. Kd1 exd4 20. exd4 Qf4 21.
Qd3 Kf8 22. Bxc6 Nxc6 23. Re1 Nxd4 0-1

[Event "17. OIBM Bad Wiessee"]
[Site "Bad Wiessee"]
[Date "2013.11.01"]
[Round "8.17"]
[White "Carlstedt, Jonathan"]
[Black "Rosen, Bernd"]
[Result "1-0"]
[WhiteElo "2421"]
[BlackElo "2341"]
[PlyCount "91"]
[EventDate "2013.??.??"]
[WhiteTeam "SV Diag.Harburg 1926 eV"]
[BlackTeam "SF Katernberg 1913 e.V"]

1. c4 e5 2. g3 c6 3. Nf3 e4 4. Nd4 Qb6 5. Nb3 a5 6. Qc2 d5 7. cxd5 Nf6 8. d6
Na6 9. Qc3 Bxd6 10. Na3 Be6 11. Nxa5 e3 12. fxe3 Bb4 13. N5c4 Qd8 14. Qd4 Bd5
15. e4 Bxe4 16. Qxd8+ Rxd8 17. Rg1 Bc5 18. e3 b5 19. Ne5 Bd6 20. d3 Bxe5 21.
dxe4 Nb4 22. Ke2 Nd3 23. Nc2 Nxc1+ 24. Rxc1 Bxb2 25. Rd1 Rxd1 26. Kxd1 O-O 27.
Nb4 c5 28. Nd5 Nxe4 29. Kc2 Rd8 30. Kxb2 Rxd5 31. Bxb5 Nd6 32. Bc6 Rd2+ 33. Kc3
Rxa2 34. Rd1 Ra3+ 35. Kc2 Ra2+ 36. Kb3 Rxh2 37. Rxd6 h5 38. Be4 g6 39. Bd5 Re2
40. e4 Re3+ 41. Kc4 Rxg3 42. Rf6 Kg7 43. Rxf7+ Kh6 44. e5 Re3 45. e6 g5 46.
Kxc5 1-0

[Event "17. OIBM Bad Wiessee"]
[Site "Bad Wiessee"]
[Date "2013.11.01"]
[Round "8.18"]
[White "Riedel, Holger"]
[Black "Eggleston, David"]
[Result "0-1"]
[WhiteElo "2213"]
[BlackElo "2399"]
[PlyCount "50"]
[EventDate "2013.??.??"]
[WhiteTeam "SG Niederkassel"]
[BlackTeam "Durham"]

1. Nf3 Nf6 2. b4 b6 3. Bb2 e6 4. a3 Bb7 5. e3 Be7 6. c4 O-O 7. Be2 d5 8. cxd5
exd5 9. d4 Nbd7 10. O-O Ne4 11. Nc3 f5 12. Qb3 Ndf6 13. Nxe4 Nxe4 14. Bd3 Bd6
15. a4 Rf6 16. Bxe4 fxe4 17. Ne5 Rh6 18. f3 Qh4 19. h3 Qg3 20. Kh1 Bxe5 21.
dxe5 exf3 22. Rxf3 Rxh3+ 23. gxh3 Qxf3+ 24. Kh2 Qf2+ 25. Kh1 Rf8 0-1

[Event "17. OIBM Bad Wiessee"]
[Site "Bad Wiessee"]
[Date "2013.11.01"]
[Round "8.19"]
[White "Graf, Alexander"]
[Black "Klek, Hanna Marie"]
[Result "1-0"]
[WhiteElo "2607"]
[BlackElo "2283"]
[PlyCount "107"]
[EventDate "2013.??.??"]
[WhiteTeam "USV Volksbank Halle"]
[BlackTeam "SC Erlangen 48/88 e.V."]

1. d4 d5 2. c4 e6 3. Nc3 Be7 4. cxd5 exd5 5. Bf4 Nf6 6. e3 Bf5 7. Nge2 O-O 8.
Ng3 Be6 9. Bd3 c5 10. dxc5 Nc6 11. O-O Bxc5 12. Rc1 d4 13. Nb5 Bb6 14. exd4
Nxd4 15. Bc7 Bxc7 16. Nxc7 Rc8 17. Nxe6 Nxe6 18. Rxc8 Qxc8 19. Nf5 Qc5 20. Qf3
Qb4 21. b3 Nd4 22. Nxd4 Qxd4 23. Rd1 Qb4 24. g3 a5 25. a4 Re8 26. Kg2 Qg4 27.
Qxg4 Nxg4 28. Be4 b6 29. Rd6 Nf6 30. Bd3 Re6 31. Rd8+ Re8 32. Rd6 Re6 33. Rxe6
fxe6 34. f4 Kf7 35. Kf3 h6 36. g4 Nd7 37. h4 Nc5 38. Bc2 Kf6 39. g5+ Ke7 40.
Kg4 Kf7 41. Kh5 hxg5 42. fxg5 Nd7 43. Kg4 Ne5+ 44. Kf4 Nc6 45. h5 Ke7 46. Ke3
Ne5 47. Be4 Nf7 48. Kf4 Nd6 49. Bg6 b5 50. Ke5 bxa4 51. bxa4 Nc4+ 52. Kd4 Nb6
53. Bc2 Nd7 54. Bd1 1-0

[Event "17. OIBM Bad Wiessee"]
[Site "Bad Wiessee"]
[Date "2013.11.01"]
[Round "8.21"]
[White "Meins, Gerlef"]
[Black "Cordes, Hans-Joerg"]
[Result "1/2-1/2"]
[WhiteElo "2448"]
[BlackElo "2267"]
[PlyCount "51"]
[EventDate "2013.??.??"]
[WhiteTeam "SAbt SV Werder Bremen"]
[BlackTeam "VSG 1880 Offenbach"]

1. d4 Nf6 2. c4 e6 3. Nf3 b6 4. g3 Ba6 5. Qc2 Bb7 6. Bg2 c5 7. d5 exd5 8. cxd5
Nxd5 9. O-O Be7 10. Rd1 Nc6 11. a3 Nf6 12. e4 Qb8 13. Nc3 O-O 14. Nd5 Nxd5 15.
exd5 Nd4 16. Nxd4 cxd4 17. Rxd4 Bf6 18. Bf4 Be5 19. Qd2 f6 20. Rc1 Qd6 21. Rdc4
Rac8 22. Rxc8 Rxc8 23. Rxc8+ Bxc8 24. Be3 Qc7 25. Bf1 Bb7 26. Be2 1/2-1/2

[Event "17. OIBM Bad Wiessee"]
[Site "Bad Wiessee"]
[Date "2013.11.01"]
[Round "8.22"]
[White "Weber, Ulrich"]
[Black "Semenova, Irina"]
[Result "0-1"]
[WhiteElo "2423"]
[BlackElo "2255"]
[PlyCount "82"]
[EventDate "2013.??.??"]
[WhiteTeam "SV 1920 Hofheim"]

1. c4 g6 2. Nc3 Bg7 3. g3 e5 4. Bg2 Nc6 5. e4 Nd4 6. d3 Ne7 7. Rb1 a5 8. Bg5 f6
9. Be3 Nec6 10. Nge2 O-O 11. O-O d6 12. a3 Bg4 13. f3 Be6 14. b4 axb4 15. axb4
Nxe2+ 16. Nxe2 Ne7 17. Qd2 Kh8 18. Rfc1 f5 19. Bf2 c6 20. Qc2 Qd7 21. Rd1 d5
22. exd5 cxd5 23. d4 f4 24. Qb2 Bf5 25. Rbc1 fxg3 26. Nxg3 dxc4 27. dxe5 Qe6
28. Nxf5 Rxf5 29. Bg3 Bxe5 30. Bxe5+ Rxe5 31. Qd4 Ra2 32. Bf1 b5 33. Ra1 Rxa1
34. Rxa1 Qf6 35. Qd1 Rd5 36. Qe1 Qd4+ 37. Kh1 Re5 38. Qc1 Nf5 39. Qa3 Re7 40.
Qa8+ Kg7 41. Qc6 Nh4 {Rest nicht nachvollziehbar} 0-1

[Event "17. OIBM Bad Wiessee"]
[Site "Bad Wiessee"]
[Date "2013.11.01"]
[Round "8.23"]
[White "Pirrot, Dieter"]
[Black "Schunk, Thomas"]
[Result "1/2-1/2"]
[WhiteElo "2395"]
[BlackElo "2255"]
[PlyCount "39"]
[EventDate "2013.??.??"]
[WhiteTeam "SV 1920 Hofheim"]
[BlackTeam "SG Leipzig"]

1. e4 e5 2. Bc4 d6 3. Nf3 Be7 4. d4 exd4 5. Nxd4 Nf6 6. Nc3 O-O 7. O-O Nxe4 8.
Nxe4 d5 9. Bd3 dxe4 10. Bxe4 Bf6 11. c3 c6 12. Qc2 g6 13. Bh6 Bg7 14. Bxg7 Kxg7
15. f4 Nd7 16. Rad1 Qb6 17. f5 Nf6 18. fxg6 fxg6 19. b4 Bg4 20. Bf3 1/2-1/2

[Event "17. OIBM Bad Wiessee"]
[Site "Bad Wiessee"]
[Date "2013.11.01"]
[Round "8.24"]
[White "Braun, Christian"]
[Black "Jelica, Mara"]
[Result "1-0"]
[WhiteElo "2367"]
[BlackElo "2252"]
[PlyCount "107"]
[EventDate "2013.??.??"]
[WhiteTeam "DJK Aufwärts St. Josef Aachen 19"]
[BlackTeam "Freier SpV von 1898 Dort"]

1. e4 c5 2. b3 Nc6 3. Bb2 d6 4. Nc3 Nf6 5. Nf3 e5 6. Bc4 Bg4 7. h3 Bh5 8. d3 a6
9. a4 Be7 10. O-O Bxf3 11. Qxf3 O-O 12. Qd1 g6 13. Nd5 Nxd5 14. Bxd5 Qd7 15. a5
Nb4 16. Bc4 Bg5 17. Bc1 Bxc1 18. Qxc1 d5 19. exd5 Nxd5 20. Qg5 Rae8 21. Rae1 f6
22. Qg4 Rd8 23. f4 Qxg4 24. hxg4 exf4 25. Rxf4 Kg7 26. Rfe4 Rd7 27. d4 cxd4 28.
Rxd4 Rfd8 29. Red1 Nb6 30. Rxd7+ Rxd7 31. Rxd7+ Nxd7 32. Be6 Ne5 33. Bc8 Nc6
34. Bxb7 Nxa5 35. Bxa6 Nc6 36. c3 Kf7 37. Kf2 Ke6 38. Ke3 Ne5 39. Be2 Kd5 40.
Kf4 Nd7 41. Bc4+ Kd6 42. Bg8 h6 43. b4 Ne5 44. Bb3 Nd3+ 45. Ke3 Ne5 46. Bd1 Kd5
47. Be2 Kd6 48. c4 Nd7 49. Kd4 Ne5 50. c5+ Kc7 51. b5 Nf7 52. b6+ Kd7 53. Kd5
Ne5 54. c6+ 1-0

[Event "17. OIBM Bad Wiessee"]
[Site "Bad Wiessee"]
[Date "2013.11.01"]
[Round "8.25"]
[White "Deglmann, Ludwig"]
[Black "Chetverik, Maxim"]
[Result "1-0"]
[WhiteElo "2351"]
[BlackElo "2244"]
[PlyCount "73"]
[EventDate "2013.??.??"]
[WhiteTeam "SK Weilheim"]
[BlackTeam "Woronesh"]

1. d4 f5 2. e4 fxe4 3. Nc3 Nf6 4. Bg5 Nc6 5. d5 Ne5 6. Qe2 Nf7 7. Bxf6 exf6 8.
Nxe4 Be7 9. d6 cxd6 10. O-O-O O-O 11. Nc3 f5 12. f4 b6 13. Qd3 Bb7 14. Nd5 Bxd5
15. Qxd5 Rc8 16. Bc4 Rc5 17. Qd3 a5 18. Nf3 Kh8 19. Rhe1 Nh6 20. Re2 Bf6 21.
Bb3 Rc6 22. Rde1 g6 23. h3 Ng8 24. Bd5 Rc5 25. Bxg8 Rxg8 26. Qxd6 Rc6 27. Qd3
Qc7 28. Ne5 Bxe5 29. Rxe5 Rc4 30. g3 Rc8 31. Kb1 Qc6 32. b3 Re4 33. R5xe4 fxe4
34. Rxe4 d5 35. Re5 Rd8 36. Qd4 Kg8 37. Re7 1-0

[Event "17. OIBM Bad Wiessee"]
[Site "Bad Wiessee"]
[Date "2013.11.01"]
[Round "8.26"]
[White "Kvetny, Mark"]
[Black "Faibisovich, Vadim"]
[Result "1/2-1/2"]
[WhiteElo "2265"]
[BlackElo "2344"]
[PlyCount "73"]
[EventDate "2013.??.??"]
[WhiteTeam "Stuttgarter SF 1879"]

1. d4 Nf6 2. c4 e6 3. Nc3 d5 4. cxd5 exd5 5. Bg5 c6 6. Qc2 Na6 7. e3 Nb4 8. Qb1
a5 9. a3 Na6 10. Bd3 Be7 11. Nge2 Nc7 12. O-O h6 13. Bh4 O-O 14. f3 Ne6 15. Qc2
c5 16. Rad1 cxd4 17. Nxd4 Nxd4 18. exd4 Be6 19. Rfe1 Rc8 20. Qd2 Re8 21. Bb1
Ne4 22. Bxe7 Nxd2 23. Bxd8 Nxb1 24. Bxa5 Nxc3 25. Bxc3 f6 26. Kf2 Bd7 27. Rxe8+
Rxe8 28. Bb4 Bb5 29. Rd2 Bc4 30. a4 Ra8 31. a5 Ra6 32. Rc2 Re6 33. b3 Bxb3 34.
Rc8+ Kf7 35. Rc7+ Kg8 36. Rxb7 Bc4 37. Re7 1/2-1/2